| 000 | 01365nam0a2200349 4500 | ||
|---|---|---|---|
| 001 | RU\NLR\bibl\294820 | ||
| 005 | 20260406160644.0 | ||
| 010 |
_a5-17-012375-2 _bВ пер. _920000 |
||
| 021 |
_aRU _b2002-16731 _9839 |
||
| 035 | _a(NLR Aleph) 000290140 | ||
| 090 |
_a1698724 _c1698724 |
||
| 100 | _a20020723d2001 |||y0rusy50 ca | ||
| 101 | 0 | _arus | |
| 102 | _aRU | ||
| 105 | _aa ||||||||| | ||
| 200 | 1 |
_aДядя Степа _eСтихи, считалочки, сказки и рассказ _e[Для дошк. возраста] _fС. Михалков _g[Худож.: В. Сутеев и др.] |
|
| 210 |
_aМ. _cПланета детства и др. _d2001(cop. 2002) |
||
| 215 |
_a218, [5] с. _cцв. ил. _d17 |
||
| 675 |
_a821.161.1-93Михалков _v3 _zrus |
||
| 686 |
_a17.82.93 _2rugasnti |
||
| 686 |
_a84(2Рос-Рус)6-5 _2rubbk |
||
| 686 | _aШ9(2)60=Р7-5 | ||
| 700 | 1 |
_4070 _8rus _7ca _aМихалков _bС. В. _cписатель _f1913-2009 _gСергей Владимирович _3RU\NLR\AUTH\7792 _9110194 |
|
| 702 | 1 |
_4040 _8rus _7ca _aСутеев _bВ. Г. _f1903-1993 _gВладимир Григорьевич _3RU\NLR\auth\778336 _9118246 |
|
| 801 | 0 |
_aRU _bRKP _c20020723 _gPSBO |
|
| 801 | 1 |
_aRU _bRKP _c20020723 |
|
| 801 | 2 |
_aRU _bNLR _c20091012 _grcr |
|
| 942 | _cBOOK | ||
| 980 | _aNB | ||